[Event "GER-chW Blitz 2019"]
[Site "Magdeburg"]
[Date "2019.05.25"]
[Round "14.11"]
[White "Rath, Alina"]
[Black "Fuchs, Judith"]
[Result "0-1"]
[WhiteElo "2042"]
[BlackElo "2218"]
[Annotator "NA"]
[PlyCount "142"]
[EventDate "2019.05.25"]
[EventType "tourn"]
[EventCountry "GER"]
[SourceTitle "playchess.com"]
[Source "ChessBase"]
[SourceQuality "1"]
[TimeControl "180+2"]

1. c4 {[%emt 0:00:00]} e5 {[%emt 0:00:00]} 2. Nc3 {[%emt 0:00:00]} Nc6 {[%emt 0:00:00]} 3. g3 {[%emt 0:00:00]} Bc5 {[%emt 0:00:01]} 4. Bg2 {[%emt 0:00:01]} f5 {[%emt 0:00:02]} 5. e3 {[%emt 0:00:03]} Nf6 {[%emt 0:00:03]} 6. Nge2 {[%emt 0:00:01]} O-O {[%emt 0:00:06]} 7. O-O {[%emt 0:00:02]} e4 {[%emt 0:00:18]} 8. d4 {[%emt 0:00:09]} exd3 {[%emt 0:00:03]} 9. Qxd3 {[%emt 0:00:02]} d6 {[%emt 0:00:06]} 10. b3 {[%emt 0:00:06]} Qe8 {[%emt 0:00:16]} 11. Bb2 {[%emt 0:00:06]} Ne5 {[%emt 0:00:11]} 12. Qd1 {[%emt 0:00:02]} Qh5 {[%emt 0:00:20]} 13. Nf4 {[%emt 0:00:07]} Qh6 {[%emt 0:00:15]} 14. Ncd5 {[%emt 0:00:06]} Nxd5 {[%emt 0:00:29]} 15. Qxd5+ {[%emt 0:00:10]} Kh8 {[%emt 0:00:02]} 16. Bxe5 {[%emt 0:00:07]} c6 {[%emt 0:00:03]} 17. Bxg7+ {[%emt 0:00:14]} Qxg7 {[%emt 0:00:01]} 18. Qd3 {[%emt 0:00:05]} Bd7 {[%emt 0:00:09]} 19. Rac1 {[%emt 0:00:06]} Rae8 {[%emt 0:00:07]} 20. Qc3 {[%emt 0:00:06]} Qxc3 {[%emt 0:00:06]} 21. Rxc3 {[%emt 0:00:01]} Rf6 {[%emt 0:00:09]} 22. Rd1 {[%emt 0:00:15]} Bc8 {[%emt 0:00:03]} 23. Rcd3 {[%emt 0:00:06]} a5 {[%emt 0:00:02]} 24. Ne2 {[%emt 0:00:06]} Be6 {[%emt 0:00:08]} 25. Nc3 {[%emt 0:00:04]} Bf7 {[%emt 0:00:05]} 26. Na4 {[%emt 0:00:03]} Bb4 {[%emt 0:00:00]} 27. Nc3 {[%emt 0:00:10]} Bh5 {[%emt 0:00:02]} 28. Ra1 {[%emt 0:00:09]} Bg6 {[%emt 0:00:05]} 29. a3 {[%emt 0:00:43]} f4 {[%emt 0:00:04]} 30. e4 {[%emt 0:00:05]} Bxc3 {[%emt 0:00:08]} 31. Rxc3 {[%emt 0:00:01]} Bxe4 {[%emt 0:00:07]} 32. Re1 {[%emt 0:00:14]} Bg6 {[%emt 0:00:02]} 33. Rxe8+ Bxe8 {[%emt 0:00:01]} 34. gxf4 {[%emt 0:00:04]} Rxf4 {[%emt 0:00:01]} 35. Re3 {[%emt 0:00:00]} Bf7 {[%emt 0:00:09]} 36. Bf1 {[%emt 0:00:02]} a4 {[%emt 0:00:07]} 37. bxa4 {[%emt 0:00:04]} Bxc4 {[%emt 0:00:05]} 38. Re8+ {[%emt 0:00:03]} Kg7 {[%emt 0:00:01]} 39. Bxc4 {[%emt 0:00:11]} Rxc4 {[%emt 0:00:02]} 40. Re7+ {[%emt 0:00:02]} Kg6 {[%emt 0:00:01]} 41. Rxb7 {[%emt 0:00:01]} Rxa4 42. Rb6 {[%emt 0:00:01]} Rc4 {[%emt 0:00:03]} 43. a4 {[%emt 0:00:01]} Kf5 {[%emt 0:00:05]} 44. a5 {[%emt 0:00:01]} Ke5 {[%emt 0:00:01]} 45. a6 {[%emt 0:00:07]} c5 {[%emt 0:00:02]} 46. a7 {[%emt 0:00:03]} Ra4 {[%emt 0:00:00]} 47. Rb7 {[%emt 0:00:01]} c4 {[%emt 0:00:03]} 48. Kf1 {[%emt 0:00:02]} Kd4 {[%emt 0:00:01]} 49. Rxh7 {[%emt 0:00:04]} d5 {[%emt 0:00:02]} 50. Ke2 {[%emt 0:00:04]} Ra2+ {[%emt 0:00:01]} 51. Kf3 {[%emt 0:00:01]} Kd3 {[%emt 0:00:00]} 52. Rd7 {[%emt 0:00:04]} d4 {[%emt 0:00:01]} 53. h4 {[%emt 0:00:02]} c3 {[%emt 0:00:01]} 54. Rc7 {[%emt 0:00:02]} c2 {[%emt 0:00:00]} 55. h5 {[%emt 0:00:01]} Rxa7 {[%emt 0:00:03]} 56. Rxa7 {[%emt 0:00:07]} c1=Q {[%emt 0:00:02]} 57. Re7 {[%emt 0:00:06]} Qd1+ {[%emt 0:00:02]} 58. Kg3 {[%emt 0:00:01]} Qxh5 {[%emt 0:00:01]} 59. Ra7 {[%emt 0:00:07]} Qe5+ {[%emt 0:00:02]} 60. Kg2 {[%emt 0:00:01]} Qe4+ {[%emt 0:00:01]} 61. Kg3 {[%emt 0:00:01]} Qg6+ {[%emt 0:00:02]} 62. Kf3 {[%emt 0:00:01]} Qc6+ {[%emt 0:00:01]} 63. Kg3 {[%emt 0:00:00]} Qc5 {[%emt 0:00:02]} 64. Ra1 {[%emt 0:00:05]} Ke4 {[%emt 0:00:02]} 65. Re1+ {[%emt 0:00:01]} Kf5 {[%emt 0:00:01]} 66. Rh1 {[%emt 0:00:01]} Qc3+ {[%emt 0:00:01]} 67. Kg2 {[%emt 0:00:02]} d3 {[%emt 0:00:02]} 68. Rh3 {[%emt 0:00:03]} Qc6+ {[%emt 0:00:03]} 69. Kh2 {[%emt 0:00:01]} Qd6+ {[%emt 0:00:01]} 70. Kg2 {[%emt 0:00:01]} d2 {[%emt 0:00:02]} 71. Rf3+ {[%emt 0:00:01]} Ke5 0-1

[Event "GER-chW Blitz 2019"]
[Site "Magdeburg"]
[Date "2019.05.25"]
[Round "14.12"]
[White "Silz, Elisa"]
[Black "Kotyk, Valeriya"]
[Result "1/2-1/2"]
[WhiteElo "1977"]
[BlackElo "1739"]
[Annotator "NA"]
[PlyCount "80"]
[EventDate "2019.05.25"]
[EventType "tourn"]
[EventCountry "GER"]
[SourceTitle "playchess.com"]
[Source "ChessBase"]
[SourceQuality "1"]
[TimeControl "180+2"]

1. d4 {[%emt 0:00:00]} Nf6 {[%emt 0:00:00]} 2. Nf3 {[%emt 0:00:00]} d5 {[%emt 0:00:01]} 3. c4 {[%emt 0:00:00]} e6 {[%emt 0:00:01]} 4. Nc3 {[%emt 0:00:01]} dxc4 {[%emt 0:00:04]} 5. e3 {[%emt 0:00:01]} Be7 {[%emt 0:00:03]} 6. Bxc4 O-O {[%emt 0:00:01]} 7. O-O a6 8. a4 {[%emt 0:00:06]} b6 {[%emt 0:00:06]} 9. e4 {[%emt 0:00:06]} Bb7 {[%emt 0:00:02]} 10. e5 {[%emt 0:00:01]} Nd5 {[%emt 0:00:03]} 11. Nxd5 {[%emt 0:00:11]} Bxd5 {[%emt 0:00:01]} 12. Bd3 {[%emt 0:00:11]} c5 {[%emt 0:00:05]} 13. Be3 {[%emt 0:00:10]} Nd7 {[%emt 0:00:10]} 14. Rc1 {[%emt 0:00:06]} Qb8 {[%emt 0:00:19]} 15. Qc2 {[%emt 0:00:13]} g6 {[%emt 0:00:02]} 16. Bh6 {[%emt 0:00:09]} Rc8 {[%emt 0:00:03]} 17. Qe2 {[%emt 0:00:12]} cxd4 {[%emt 0:00:05]} 18. Nxd4 {[%emt 0:00:01]} Qxe5 {[%emt 0:00:06]} 19. Qxe5 {[%emt 0:00:11]} Nxe5 {[%emt 0:00:01]} 20. Be2 {[%emt 0:00:11]} Bc5 {[%emt 0:00:01]} 21. Rcd1 {[%emt 0:00:10]} Nc4 {[%emt 0:00:07]} 22. Bxc4 {[%emt 0:00:11]} Bxc4 {[%emt 0:00:02]} 23. Rfe1 {[%emt 0:00:04]} Bxd4 {[%emt 0:00:07]} 24. Rxd4 {[%emt 0:00:02]} Bd5 {[%emt 0:00:01]} 25. Rd2 {[%emt 0:00:14]} Rc7 {[%emt 0:00:03]} 26. h3 {[%emt 0:00:03]} Rac8 {[%emt 0:00:00]} 27. Be3 {[%emt 0:00:04]} b5 28. axb5 {[%emt 0:00:02]} axb5 {[%emt 0:00:05]} 29. b4 {[%emt 0:00:02]} Rc2 {[%emt 0:00:04]} 30. Red1 {[%emt 0:00:03]} Rxd2 {[%emt 0:00:01]} 31. Rxd2 {[%emt 0:00:01]} Rc1+ {[%emt 0:00:04]} 32. Kh2 {[%emt 0:00:01]} Rc4 {[%emt 0:00:05]} 33. Bc5 {[%emt 0:00:01]} Kg7 {[%emt 0:00:07]} 34. Rd1 {[%emt 0:00:03]} Re4 {[%emt 0:00:04]} 35. Ra1 {[%emt 0:00:02]} Bc4 {[%emt 0:00:02]} 36. Ra7 {[%emt 0:00:02]} Re2 {[%emt 0:00:02]} 37. Kg3 {[%emt 0:00:02]} Rd2 {[%emt 0:00:04]} 38. Ra8 {[%emt 0:00:05]} h5 {[%emt 0:00:03]} 39. Bf8+ {[%emt 0:00:02]} Kf6 {[%emt 0:00:01]} 40. Bc5 {[%emt 0:00:02]} Bd5 {[%emt 0:00:04]} 1/2-1/2

[Event "GER-chW Blitz 2019"]
[Site "Magdeburg"]
[Date "2019.05.25"]
[Round "15.1"]
[White "Kotyk, Valeriya"]
[Black "Roesler, Hannah Clara Hed"]
[Result "1-0"]
[WhiteElo "1739"]
[BlackElo "1619"]
[Annotator "NA"]
[PlyCount "57"]
[EventDate "2019.05.25"]
[EventType "tourn"]
[EventCountry "GER"]
[SourceTitle "playchess.com"]
[Source "ChessBase"]
[SourceQuality "1"]
[TimeControl "180+2"]

1. d4 {[%emt 0:00:00]} Nf6 {[%emt 0:00:00]} 2. Bg5 {[%emt 0:00:00]} Ne4 {[%emt 0:00:06]} 3. Bf4 {[%emt 0:00:00]} e6 {[%emt 0:00:16]} 4. Nd2 {[%emt 0:00:07]} Nxd2 {[%emt 0:00:27]} 5. Qxd2 {[%emt 0:00:01]} d5 {[%emt 0:00:08]} 6. e3 {[%emt 0:00:01]} c5 {[%emt 0:00:05]} 7. a3 {[%emt 0:00:02]} Nc6 {[%emt 0:00:03]} 8. Nf3 {[%emt 0:00:02]} Be7 {[%emt 0:00:18]} 9. dxc5 {[%emt 0:00:01]} Bxc5 {[%emt 0:00:02]} 10. b4 {[%emt 0:00:04]} Bb6 {[%emt 0:00:16]} 11. Rd1 {[%emt 0:00:03]} O-O {[%emt 0:00:04]} 12. c4 {[%emt 0:00:22]} dxc4 {[%emt 0:00:19]} 13. Qxd8 {[%emt 0:00:04]} Rxd8 {[%emt 0:00:02]} 14. Rxd8+ {[%emt 0:00:01]} Bxd8 {[%emt 0:00:01]} 15. Bxc4 {[%emt 0:00:02]} b6 {[%emt 0:00:14]} 16. Ke2 {[%emt 0:00:04]} Bb7 {[%emt 0:00:02]} 17. Rd1 {[%emt 0:00:01]} Bf6 {[%emt 0:00:09]} 18. Rd7 {[%emt 0:00:11]} Bc8 {[%emt 0:00:19]} 19. Rc7 {[%emt 0:00:04]} Nd8 {[%emt 0:00:07]} 20. Ne5 {[%emt 0:00:09]} Bxe5 {[%emt 0:00:07]} 21. Bxe5 {[%emt 0:00:01]} f6 {[%emt 0:00:03]} 22. Bb2 {[%emt 0:00:02]} Kh8 {[%emt 0:00:08]} 23. f4 {[%emt 0:00:02]} e5 {[%emt 0:00:12]} 24. h3 {[%emt 0:00:07]} Ne6 {[%emt 0:00:06]} 25. Re7 {[%emt 0:00:08]} Nf8 {[%emt 0:00:06]} 26. fxe5 {[%emt 0:00:04]} f5 {[%emt 0:00:03]} 27. e6 {[%emt 0:00:04]} Bb7 {[%emt 0:00:07]} 28. Bxg7+ {[%emt 0:00:03]} Kg8 {[%emt 0:00:01]} 29. Rxb7 {[%emt 0:00:06]} 1-0

[Event "GER-chW Blitz 2019"]
[Site "Magdeburg"]
[Date "2019.05.25"]
[Round "15.2"]
[White "Fuchs, Judith"]
[Black "Silz, Elisa"]
[Result "1-0"]
[WhiteElo "2218"]
[BlackElo "1977"]
[Annotator "NA"]
[PlyCount "133"]
[EventDate "2019.05.25"]
[EventType "tourn"]
[EventCountry "GER"]
[SourceTitle "playchess.com"]
[Source "ChessBase"]
[SourceQuality "1"]
[TimeControl "180+2"]

1. d4 {[%emt 0:00:00]} Nf6 {[%emt 0:00:00]} 2. Bf4 {[%emt 0:00:00]} g6 {[%emt 0:00:00]} 3. Nc3 {[%emt 0:00:01]} Bg7 {[%emt 0:00:00]} 4. e4 {[%emt 0:00:01]} d6 {[%emt 0:00:00]} 5. Qd2 {[%emt 0:00:02]} O-O {[%emt 0:00:02]} 6. Bh6 {[%emt 0:00:01]} e5 {[%emt 0:00:02]} 7. Bxg7 {[%emt 0:00:10]} Kxg7 {[%emt 0:00:01]} 8. Nf3 {[%emt 0:00:01]} exd4 {[%emt 0:00:04]} 9. Nxd4 {[%emt 0:00:01]} Re8 {[%emt 0:00:02]} 10. f3 {[%emt 0:00:03]} d5 {[%emt 0:00:02]} 11. O-O-O {[%emt 0:00:06]} c6 {[%emt 0:00:06]} 12. exd5 {[%emt 0:00:08]} cxd5 {[%emt 0:00:03]} 13. h4 {[%emt 0:00:13]} h5 {[%emt 0:00:08]} 14. Bb5 {[%emt 0:00:19]} Bd7 {[%emt 0:00:06]} 15. Be2 {[%emt 0:00:11]} Nc6 {[%emt 0:00:04]} 16. Kb1 {[%emt 0:00:04]} Qb6 {[%emt 0:00:11]} 17. Nb3 {[%emt 0:00:12]} Be6 {[%emt 0:00:08]} 18. Na4 {[%emt 0:00:12]} Qb4 {[%emt 0:00:08]} 19. Nac5 {[%emt 0:00:06]} Qxd2 {[%emt 0:00:04]} 20. Rxd2 {[%emt 0:00:01]} b6 {[%emt 0:00:05]} 21. Nd3 {[%emt 0:00:08]} Rac8 {[%emt 0:00:11]} 22. Nf4 {[%emt 0:00:02]} Bf5 {[%emt 0:00:07]} 23. Ba6 {[%emt 0:00:13]} Rc7 {[%emt 0:00:08]} 24. Bb5 {[%emt 0:00:05]} Re3 {[%emt 0:00:13]} 25. Bxc6 {[%emt 0:00:22]} Rxc6 {[%emt 0:00:01]} 26. Nd4 {[%emt 0:00:01]} Rc5 {[%emt 0:00:16]} 27. Nxf5+ {[%emt 0:00:02]} gxf5 {[%emt 0:00:01]} 28. Rhd1 {[%emt 0:00:03]} Rc4 {[%emt 0:00:16]} 29. Nxd5 {[%emt 0:00:14]} Nxd5 {[%emt 0:00:01]} 30. Rxd5 {[%emt 0:00:01]} Re2 {[%emt 0:00:01]} 31. c3 {[%emt 0:00:04]} Rxg2 {[%emt 0:00:06]} 32. Rxf5 {[%emt 0:00:09]} Rxh4 {[%emt 0:00:04]} 33. a4 {[%emt 0:00:07]} Rhh2 {[%emt 0:00:01]} 34. Rb5 {[%emt 0:00:01]} h4 {[%emt 0:00:03]} 35. Rd4 {[%emt 0:00:09]} h3 {[%emt 0:00:02]} 36. Rh4 {[%emt 0:00:14]} Rh1+ 37. Ka2 h2 {[%emt 0:00:03]} 38. Rbh5 {[%emt 0:00:05]} a5 {[%emt 0:00:11]} 39. Rh7+ {[%emt 0:00:10]} Kf6 {[%emt 0:00:02]} 40. R7h6+ {[%emt 0:00:01]} Kg7 {[%emt 0:00:06]} 41. Rh7+ {[%emt 0:00:03]} Kf6 {[%emt 0:00:01]} 42. R7h6+ {[%emt 0:00:00]} Kg7 {[%emt 0:00:01]} 43. R6h5 {[%emt 0:00:01]} Rf2 {[%emt 0:00:09]} 44. Rh7+ {[%emt 0:00:05]} Kf6 {[%emt 0:00:01]} 45. R7h6+ {[%emt 0:00:01]} Kg7 {[%emt 0:00:00]} 46. Rh3 {[%emt 0:00:05]} f5 {[%emt 0:00:10]} 47. Rh7+ {[%emt 0:00:02]} Kf6 {[%emt 0:00:01]} 48. R7h6+ {[%emt 0:00:02]} Ke5 {[%emt 0:00:01]} 49. Kb3 {[%emt 0:00:01]} Kf4 {[%emt 0:00:03]} 50. R6h4+ {[%emt 0:00:01]} Ke3 {[%emt 0:00:00]} 51. f4+ {[%emt 0:00:03]} Ke4 {[%emt 0:00:02]} 52. Kc4 {[%emt 0:00:03]} Rxf4 {[%emt 0:00:06]} 53. Rh8 {[%emt 0:00:06]} Rf2 {[%emt 0:00:03]} 54. Re8+ {[%emt 0:00:02]} Kf4 {[%emt 0:00:01]} 55. Reh8 {[%emt 0:00:01]} Rxb2 {[%emt 0:00:02]} 56. R8h4+ {[%emt 0:00:01]} Kg5 {[%emt 0:00:01]} 57. Rh5+ {[%emt 0:00:00]} Kf6 {[%emt 0:00:01]} 58. Kd5 {[%emt 0:00:01]} Rd1+ {[%emt 0:00:03]} 59. Kc6 h1=Q+ {[%emt 0:00:05]} 60. Rxh1 {[%emt 0:00:01]} Rxh1 {[%emt 0:00:01]} 61. Rxh1 {[%emt 0:00:01]} Rb3 {[%emt 0:00:02]} 62. Rh3 {[%emt 0:00:01]} Ke5 {[%emt 0:00:02]} 63. Rd3 {[%emt 0:00:03]} f4 {[%emt 0:00:02]} 64. Rd8 {[%emt 0:00:01]} f3 {[%emt 0:00:01]} 65. Rf8 {[%emt 0:00:01]} Ke4 {[%emt 0:00:01]} 66. Re8+ {[%emt 0:00:00] Ke3 [%clk 0:01:04] Rf8 [%clk 0:00:26] Ke2 [%clk 0:01:05] Re8+ [%clk 0:00:27] Kf1 [%clk 0:01:06] Rf8 [%clk 0:00:28] f2 c4 [%clk 0:00:29] Rb2 [%clk 0:01:05] Kb7 [%clk 0:00:28] Ke1 [%clk 0:01:06] Re8+ [%clk 0:00:29] Re2 [%clk 0:01:07] Rf8 [%clk 0:00:30] Re7+ [%clk 0:01:07] Kxb6 [%clk 0:00:31] f1=Q [%clk 0:01:07] Rxf1+ [%clk 0:00:32] Kxf1 [%clk 0:01:08] c5 [%clk 0:00:31] Ke2 [%clk 0:01:09] c6 [%clk 0:00:33]} Kd3 {[%emt 0:00:00] Kxa5 [%clk 0:00:32] Kc4 [%clk 0:01:10] Kb6 [%clk 0:00:33] Kb4 [%clk 0:01:09] a5 [%clk 0:00:34] Rg7 [%clk 0:01:07] a6 [%clk 0:00:36] Kc4 [%clk 0:01:05] a7 [%clk 0:00:36]} 67. Rg8 {[%emt 0:00:00] Kb7 [%clk 0:00:37] Kc5 [%clk 0:01:05] c7 [%clk 0:00:38] Ra8 [%clk 0:01:04] Kxa8 [%clk 0:00:38] Kc6 [%clk 0:01:05] Kb8 [%clk 0:00:39] Kd7 [%clk 0:01:06] c8=Q+} 1-0

[Event "GER-chW Blitz 2019"]
[Site "Magdeburg"]
[Date "2019.05.25"]
[Round "15.3"]
[White "Lubbe, Melanie"]
[Black "Rath, Alina"]
[Result "0-1"]
[WhiteElo "2278"]
[BlackElo "2042"]
[Annotator "NA"]
[PlyCount "132"]
[EventDate "2019.05.25"]
[EventType "tourn"]
[EventCountry "GER"]
[SourceTitle "playchess.com"]
[Source "ChessBase"]
[SourceQuality "1"]
[TimeControl "180+2"]

1. d4 {[%emt 0:00:00]} d5 {[%emt 0:00:00]} 2. Nc3 {[%emt 0:00:00]} e6 {[%emt 0:00:00]} 3. Bf4 {[%emt 0:00:06]} c5 {[%emt 0:00:04]} 4. e3 {[%emt 0:00:03]} a6 {[%emt 0:00:02]} 5. Nf3 {[%emt 0:00:15]} Nc6 {[%emt 0:00:01]} 6. h3 {[%emt 0:00:05]} Nf6 {[%emt 0:00:01]} 7. Be2 {[%emt 0:00:03]} Bd6 {[%emt 0:00:01]} 8. Ne5 {[%emt 0:00:06]} Qc7 {[%emt 0:00:04]} 9. Nxc6 {[%emt 0:00:22]} Bxf4 {[%emt 0:00:24]} 10. exf4 {[%emt 0:00:02]} bxc6 {[%emt 0:00:11]} 11. Qd2 {[%emt 0:00:17]} cxd4 {[%emt 0:00:02]} 12. Qxd4 {[%emt 0:00:06]} c5 {[%emt 0:00:03]} 13. Qe5 {[%emt 0:00:06]} Qxe5 {[%emt 0:00:12]} 14. fxe5 {[%emt 0:00:01]} Nd7 {[%emt 0:00:01]} 15. f4 {[%emt 0:00:01]} O-O {[%emt 0:00:01]} 16. Na4 {[%emt 0:00:19]} Bb7 {[%emt 0:00:09]} 17. O-O {[%emt 0:00:04]} Rac8 {[%emt 0:00:06]} 18. c4 {[%emt 0:00:02]} Bc6 {[%emt 0:00:18]} 19. Nc3 {[%emt 0:00:10]} d4 {[%emt 0:00:04]} 20. Nd1 {[%emt 0:00:02]} Rfd8 {[%emt 0:00:04]} 21. Nf2 {[%emt 0:00:07]} Nb6 {[%emt 0:00:06]} 22. b3 {[%emt 0:00:03]} a5 {[%emt 0:00:05]} 23. Nd3 {[%emt 0:00:11]} Be4 {[%emt 0:00:06]} 24. Rad1 {[%emt 0:00:07]} Rc7 {[%emt 0:00:11]} 25. Bf3 {[%emt 0:00:01]} Bxd3 {[%emt 0:00:09]} 26. Rxd3 {[%emt 0:00:01]} Ra7 {[%emt 0:00:01]} 27. Be4 {[%emt 0:00:08]} g6 {[%emt 0:00:02]} 28. g4 {[%emt 0:00:01]} Kg7 {[%emt 0:00:02]} 29. f5 {[%emt 0:00:03]} exf5 {[%emt 0:00:02]} 30. gxf5 {[%emt 0:00:00]} Re8 {[%emt 0:00:06]} 31. fxg6 {[%emt 0:00:22]} fxg6 {[%emt 0:00:10]} 32. Rf6 {[%emt 0:00:03]} Nd7 {[%emt 0:00:11]} 33. Rd6 {[%emt 0:00:12]} Nxe5 {[%emt 0:00:07]} 34. Rd1 {[%emt 0:00:03]} Nf7 {[%emt 0:00:11]} 35. Rc6 {[%emt 0:00:24]} Rxe4 {[%emt 0:00:03]} 36. Rxc5 {[%emt 0:00:01]} Rf4 {[%emt 0:00:04]} 37. Rd5 {[%emt 0:00:03]} Nh6 {[%emt 0:00:09]} 38. c5 {[%emt 0:00:08]} Nf5 {[%emt 0:00:03]} 39. c6 {[%emt 0:00:01]} Kf6 {[%emt 0:00:18]} 40. Rc5 {[%emt 0:00:03]} Rc7 {[%emt 0:00:03]} 41. Rd2 {[%emt 0:00:04]} Ne7 {[%emt 0:00:07]} 42. Rdc2 {[%emt 0:00:04]} Rf5 {[%emt 0:00:03]} 43. R5c4 {[%emt 0:00:01]} d3 {[%emt 0:00:01]} 44. Rd2 {[%emt 0:00:01]} Rxc6 {[%emt 0:00:02]} 45. Rxd3 {[%emt 0:00:02]} Rxc4 46. bxc4 {[%emt 0:00:00]} Rc5 {[%emt 0:00:05]} 47. Rd4 {[%emt 0:00:01]} Nf5 {[%emt 0:00:01]} 48. Rd5 {[%emt 0:00:02]} Rxd5 {[%emt 0:00:01]} 49. cxd5 {[%emt 0:00:01]} Ke5 {[%emt 0:00:01]} 50. Kf2 {[%emt 0:00:01]} Kxd5 51. Kf3 {[%emt 0:00:00]} Ke5 {[%emt 0:00:01]} 52. Kg4 {[%emt 0:00:01]} Kf6 {[%emt 0:00:01]} 53. Kf4 {[%emt 0:00:01]} Nd6 {[%emt 0:00:01]} 54. Kg4 {[%emt 0:00:02]} h6 55. Kf4 g5+ {[%emt 0:00:03]} 56. Kg4 {[%emt 0:00:01]} Kg6 {[%emt 0:00:01]} 57. Kf3 {[%emt 0:00:01]} Kf5 {[%emt 0:00:01]} 58. Kg3 {[%emt 0:00:01]} h5 {[%emt 0:00:00]} 59. Kf3 {[%emt 0:00:01]} g4+ {[%emt 0:00:01]} 60. hxg4+ {[%emt 0:00:00]} hxg4+ {[%emt 0:00:01]} 61. Kf2 {[%emt 0:00:01]} Kf4 62. Kg2 g3 {[%emt 0:00:01]} 63. Kg1 {[%emt 0:00:01]} Kf3 {[%emt 0:00:01]} 64. Kf1 {[%emt 0:00:01]} Ne4 {[%emt 0:00:09]} 65. a4 {[%emt 0:00:01]} Nc3 {[%emt 0:00:04]} 66. Kg1 {[%emt 0:00:01]} Nxa4 {[%emt 0:00:01]} 0-1

[Event "GER-chW Blitz 2019"]
[Site "Magdeburg"]
[Date "2019.05.25"]
[Round "15.4"]
[White "Ries, Jutta"]
[Black "Birkholz, Olga"]
[Result "1/2-1/2"]
[WhiteElo "2017"]
[BlackElo "2031"]
[Annotator "NA"]
[PlyCount "78"]
[EventDate "2019.05.25"]
[EventType "tourn"]
[EventCountry "GER"]
[SourceTitle "playchess.com"]
[Source "ChessBase"]
[SourceQuality "1"]
[TimeControl "180+2"]

1. f4 {[%emt 0:00:00]} c5 {[%emt 0:00:00]} 2. Nf3 {[%emt 0:00:01]} Nc6 {[%emt 0:00:01]} 3. b3 {[%emt 0:00:01]} g6 {[%emt 0:00:02]} 4. Bb2 {[%emt 0:00:01]} Nf6 {[%emt 0:00:01]} 5. e3 {[%emt 0:00:02]} Bg7 {[%emt 0:00:01]} 6. Bb5 {[%emt 0:00:04]} Qb6 {[%emt 0:00:06]} 7. Qe2 {[%emt 0:00:17]} a6 {[%emt 0:00:01]} 8. Bxc6 {[%emt 0:00:02]} Qxc6 {[%emt 0:00:01]} 9. Nc3 {[%emt 0:00:09]} d6 {[%emt 0:00:02]} 10. O-O {[%emt 0:00:02]} O-O {[%emt 0:00:02]} 11. d3 {[%emt 0:00:09]} b5 {[%emt 0:00:02]} 12. e4 {[%emt 0:00:02]} Bb7 {[%emt 0:00:15]} 13. Rae1 {[%emt 0:00:08]} Rfe8 {[%emt 0:00:09]} 14. Nd1 {[%emt 0:00:08]} c4 {[%emt 0:00:11]} 15. Kh1 {[%emt 0:00:25]} Rac8 {[%emt 0:00:01]} 16. Nd4 {[%emt 0:00:03]} Qd7 {[%emt 0:00:09]} 17. Ne3 {[%emt 0:00:09]} e5 {[%emt 0:00:17]} 18. fxe5 {[%emt 0:00:16]} dxe5 {[%emt 0:00:01]} 19. Nf3 {[%emt 0:00:01]} cxd3 {[%emt 0:00:10]} 20. cxd3 {[%emt 0:00:03]} Nh5 {[%emt 0:00:12]} 21. Ng5 {[%emt 0:00:38]} Nf4 {[%emt 0:00:06]} 22. Qf3 {[%emt 0:00:14]} Qe7 {[%emt 0:00:25]} 23. Qg4 {[%emt 0:00:19]} Nxd3 {[%emt 0:00:04]} 24. Rxf7 {[%emt 0:00:08]} Qxf7 {[%emt 0:00:08]} 25. Nxf7 {[%emt 0:00:01]} Nxe1 {[%emt 0:00:02]} 26. Nd6 {[%emt 0:00:04]} Rf8 {[%emt 0:00:17]} 27. Nxc8 {[%emt 0:00:14]} Bxc8 {[%emt 0:00:02]} 28. Qe2 {[%emt 0:00:01]} Bh6 {[%emt 0:00:07]} 29. Nd5 {[%emt 0:00:07]} Nc2 {[%emt 0:00:07]} 30. h3 {[%emt 0:00:03]} Nd4 {[%emt 0:00:04]} 31. Bxd4 {[%emt 0:00:02]} exd4 {[%emt 0:00:01]} 32. Ne7+ {[%emt 0:00:01]} Kf7 {[%emt 0:00:05]} 33. Nxc8 {[%emt 0:00:01]} Rxc8 {[%emt 0:00:01]} 34. Qf2+ {[%emt 0:00:01]} Ke6 {[%emt 0:00:06]} 35. Qxd4 {[%emt 0:00:01]} Rc1+ {[%emt 0:00:03]} 36. Kh2 {[%emt 0:00:01]} Bf4+ {[%emt 0:00:00]} 37. g3 {[%emt 0:00:00]} Rc2+ {[%emt 0:00:09]} 38. Kg1 {[%emt 0:00:01]} Bxg3 {[%emt 0:00:31]} 39. Qd5+ {[%emt 0:00:00]} Kf6 {[%emt 0:00:06]} 1/2-1/2

[Event "GER-chW Blitz 2019"]
[Site "Magdeburg"]
[Date "2019.05.25"]
[Round "15.5"]
[White "Kushka, Alena"]
[Black "Hofmann, Karina"]
[Result "1-0"]
[WhiteElo "2148"]
[BlackElo "1700"]
[Annotator "NA"]
[PlyCount "71"]
[EventDate "2019.05.25"]
[EventType "tourn"]
[EventCountry "GER"]
[SourceTitle "playchess.com"]
[Source "ChessBase"]
[SourceQuality "1"]
[TimeControl "180+2"]

1. d4 {[%emt 0:00:00]} b6 {[%emt 0:00:00]} 2. c4 {[%emt 0:00:02]} Bb7 {[%emt 0:00:00]} 3. Nc3 {[%emt 0:00:01]} g6 {[%emt 0:00:01]} 4. e4 {[%emt 0:00:01]} Bg7 {[%emt 0:00:01]} 5. Nf3 {[%emt 0:00:03]} e6 {[%emt 0:00:04]} 6. Be2 {[%emt 0:00:06]} Ne7 {[%emt 0:00:01]} 7. O-O {[%emt 0:00:02]} O-O {[%emt 0:00:04]} 8. Bg5 {[%emt 0:00:04]} f6 {[%emt 0:00:03]} 9. Bh4 {[%emt 0:00:03]} c5 {[%emt 0:00:04]} 10. d5 {[%emt 0:00:01]} e5 {[%emt 0:00:11]} 11. d6 {[%emt 0:00:14]} Nec6 {[%emt 0:00:01]} 12. Nd5 {[%emt 0:00:04]} Na6 {[%emt 0:00:11]} 13. a3 {[%emt 0:00:15]} Nd4 {[%emt 0:00:02]} 14. Nxd4 {[%emt 0:00:06]} Bxd5 {[%emt 0:00:08]} 15. cxd5 {[%emt 0:00:18]} cxd4 {[%emt 0:00:10]} 16. Bxa6 {[%emt 0:00:02]} Qb8 {[%emt 0:00:05]} 17. Rc1 {[%emt 0:00:15]} Qxd6 {[%emt 0:00:03]} 18. Qc2 {[%emt 0:00:10]} Rab8 {[%emt 0:00:11]} 19. Qc7 {[%emt 0:00:03]} Qxc7 {[%emt 0:00:14]} 20. Rxc7 {[%emt 0:00:01]} b5 {[%emt 0:00:06]} 21. Rxa7 {[%emt 0:00:07]} Rb6 {[%emt 0:00:02]} 22. f3 {[%emt 0:00:13]} g5 {[%emt 0:00:01]} 23. Be1 {[%emt 0:00:05]} Rfb8 {[%emt 0:00:05]} 24. Bb4 {[%emt 0:00:06]} Bf8 {[%emt 0:00:03]} 25. Ba5 {[%emt 0:00:17]} Rd6 {[%emt 0:00:07]} 26. Bc7 {[%emt 0:00:03]} Rbb6 {[%emt 0:00:03]} 27. Bxd6 {[%emt 0:00:06]} Bxd6 {[%emt 0:00:01]} 28. Rc1 {[%emt 0:00:04]} Kg7 {[%emt 0:00:03]} 29. Rxd7+ {[%emt 0:00:06]} Kg6 {[%emt 0:00:03]} 30. Bb7 {[%emt 0:00:11]} b4 {[%emt 0:00:05]} 31. a4 {[%emt 0:00:04]} b3 {[%emt 0:00:01]} 32. Kf1 {[%emt 0:00:09]} h6 {[%emt 0:00:02]} 33. Rc6 {[%emt 0:00:04]} Rxc6 {[%emt 0:00:05]} 34. dxc6 {[%emt 0:00:02]} Bb8 {[%emt 0:00:02]} 35. c7 {[%emt 0:00:01]} Bxc7 {[%emt 0:00:01]} 36. Rxc7 1-0